تصميم الأثاث : مفاهيم تقنيات / (رقم التسجيلة. 112725)
[ عرض عادي ]
| 000 -LEADER | |
|---|---|
| fixed length control field | 00612nam a22001937a 4500 |
| 005 - DATE AND TIME OF LATEST TRANSACTION | |
| control field | 20251108174558.0 |
| 008 - FIXED-LENGTH DATA ELEMENTS--GENERAL INFORMATION | |
| fixed length control field | 250721s2008 xx 000 0 ara d |
| 082 14 - DEWEY DECIMAL CLASSIFICATION NUMBER | |
| Classification number | 684.1/عمر |
| 100 1# - MAIN ENTRY--PERSONAL NAME | |
| Personal name | عمر، هدى محمود |
| 245 10 - TITLE STATEMENT | |
| Title | تصميم الأثاث : مفاهيم تقنيات / |
| 264 1# - PRODUCTION, PUBLICATION, DISTRIBUTION, MANUFACTURE, AND COPYRIGHT NOTICE | |
| Place of production, publication, distribution, manufacture | عمان : |
| Name of producer, publisher, distributor, manufacturer | دار أيلة للنشر و التوزيع، |
| Date of production, publication, distribution, manufacture, or copyright notice | 2008. |
| 300 ## - PHYSICAL DESCRIPTION | |
| Extent | 144ص. |
| 650 17 - SUBJECT ADDED ENTRY--TOPICAL TERM | |
| Topical term or geographic name as entry element | الاثاث |
| 650 17 - SUBJECT ADDED ENTRY--TOPICAL TERM | |
| Topical term or geographic name as entry element | صناعه الاثاث |
| 700 1# - ADDED ENTRY--PERSONAL NAME | |
| Personal name | عبد الرزاق، لبنى أسعد |
| 700 1# - ADDED ENTRY--PERSONAL NAME | |
| Personal name | البلداوي، محمد ثابت |
| 942 ## - ADDED ENTRY ELEMENTS (KOHA) | |
| Source of classification or shelving scheme | Dewey Decimal Classification |
| Koha item type | كتب |
| حالة السحب | حالة الفقدان | مصدر التصنيف | حالة التلف | غير قابل للإعارة | المكتبة الرئيسية | المكتبة الحالية | موقع الرف | تاريخ التزويد | الرقم المتسلسل | Total Checkouts | رقم الإستدعاء | تاريخ آخر ظهور | تاريخ الفاتورة | نوع المادة (كوها) | الباركود |
|---|---|---|---|---|---|---|---|---|---|---|---|---|---|---|---|
| Dewey Decimal Classification | المكتبة المركزية | المكتبة المركزية | مقتنيات قسم التزويد | 28/07/2025 | 1197890 | 684.1/عمر | 28/07/2025 | 28/07/2025 | كتب | ||||||
| Dewey Decimal Classification | المكتبة المركزية | المكتبة المركزية | مقتنيات قسم التزويد | 28/07/2025 | 1197891 | 684.1/عمر | 28/07/2025 | 28/07/2025 | كتب | ||||||
| Dewey Decimal Classification | مكتبة أبو علندا العامة | مكتبة أبو علندا العامة | الإعارة | 19/06/2008 | 1197901 | 684.1/عمر | 28/07/2025 | 19/06/2008 | كتب | PLD00022509 | |||||
| Dewey Decimal Classification | مكتبة أم قصير والمقابلين العامة | مكتبة أم قصير والمقابلين العامة | الإعارة | 19/06/2008 | 1197900 | 684.1/عمر | 28/07/2025 | 19/06/2008 | كتب | PLD00022508 | |||||
| Dewey Decimal Classification | مكتبة الأميرة ايمان العامة | مكتبة الأميرة ايمان العامة | الإعارة | 19/06/2008 | 1197892 | 684.1/عمر | 28/07/2025 | 19/06/2008 | كتب | PLD00022500 | |||||
| Dewey Decimal Classification | مكتبة الاميرة بديعة | مكتبة الاميرة بديعة | الإعارة | 19/06/2008 | 1197895 | 684.1/عمر | 28/07/2025 | 19/06/2008 | كتب | PLD00022503 | |||||
| Dewey Decimal Classification | مكتبة الجويدة | مكتبة الجويدة | الإعارة | 19/06/2008 | 1197896 | 684.1/عمر | 28/07/2025 | 19/06/2008 | كتب | PLD00022504 | |||||
| Dewey Decimal Classification | مكتبة الحسن العامة | مكتبة الحسن العامة | الإعارة | 19/06/2008 | 1197897 | 684.1/عمر | 28/07/2025 | 19/06/2008 | كتب | PLD00022505 | |||||
| Dewey Decimal Classification | مكتبة النصر العامة | مكتبة النصر العامة | الإعارة | 19/06/2008 | 1197903 | 684.1/عمر | 28/07/2025 | 19/06/2008 | كتب | PLD00022511 | |||||
| Dewey Decimal Classification | مكتبة حمزة العامة | مكتبة حمزة العامة | الإعارة | 19/06/2008 | 1197898 | 684.1/عمر | 28/07/2025 | 19/06/2008 | كتب | PLD00022506 | |||||
| Dewey Decimal Classification | مكتبة صويلح العامة | مكتبة صويلح العامة | الإعارة | 19/06/2008 | 1197893 | 684.1/عمر | 28/07/2025 | 19/06/2008 | كتب | PLD00022501 | |||||
| Dewey Decimal Classification | مكتبة وادي السير العامة | مكتبة وادي السير العامة | الإعارة | 19/06/2008 | 1197902 | 684.1/عمر | 28/07/2025 | 19/06/2008 | كتب | PLD00022510 |